| 000 | 02011cam a2200301 4500 | ||
|---|---|---|---|
| 001 | ABS68228 | ||
| 008 | 040927n2004 000 0 eng u | ||
| 035 | _a(Sirsi) u127532 | ||
| 100 | _aDixon, T. | ||
| 245 | _aDigital tremors shift London's floorplates | ||
| 260 | _c2004 | ||
| 490 |
_aEstates Gazette _v(0438) 18 September 2004, 154-155(2) |
||
| 520 | _aReports on new research on how technology led change is affecting business processes and real estate requirements in the City. Technology must be considered alongside forces for dispersal and agglomeration, all of which are creating a potent mix of factors affecting City businesses. "The impact of ebusiness on the City of London office market: 2003 survey" indicates that larger Citybased organisations use their space more efficiently than smaller ones and that some 30% of organisations believe that they would require less space per employee in five years time. The digital divide between large and smaller City firms has diminished since the 2002 survey. Discusses the impact of e-business, teleworking and wireless technology on these organisations and highlights the importance of business continuity management in dealing with disasters in the City. Predicts a trend towards the separation of front and back office operations and the downsizing of back office operations with consequences for real estate needs. View the report at www.cem.ac.uk. | ||
| 590 | _aABS | ||
| 590 | _aABS | ||
| 650 | _aBUSINESS CONTINUITY MANAGEMENT | ||
| 650 | _aSPACE USE | ||
| 650 | _aTELEWORKING | ||
| 650 | _aHOMEWORKING | ||
| 650 | _aFRONT-OFFICES | ||
| 650 | _aBACK OFFICES | ||
| 650 | _aOFFICE MARKET | ||
| 650 | _aEBUSINESS | ||
| 690 | _aCOMMERCIAL PROPERTY-MARKET | ||
| 856 |
_uhttps://www.cem.ac.uk/research/reports_2004.asp _zView the report on the College of Estate Management Website... |
||
| 856 |
_uhttps://www.cem.ac.uk/research/reports_2004.asp _zView the report on the College of Estate Management Website... |
||
| 942 | _n0 | ||
| 999 |
_c118060 _d118060 |
||